[Event "OLNN 2223 Hamburger SK III - Preetzer T"]
[Site "?"]
[Date "2023.04.23"]
[Round "8.5"]
[White "Skibbe, Willi"]
[Black "Kotyk, Michael"]
[Result "1-0"]
[WhiteElo "2176"]
[BlackElo "2012"]
[PlyCount "83"]
[EventDate "2023.??.??"]

1. d4 d5 2. c4 e6 3. Nf3 Nf6 4. g3 h6 5. Bg2 Bd6 6. O-O O-O 7. Nc3 Nc6 8. c5 Be7 9. Bf4 b6 10. Ne5 Nxe5 11. dxe5 Nd7 12. c6 Nb8 13. Rc1 Bc5 14. Na4 Nxc6 15. Nxc5 bxc5 16. Rxc5 Nb4 17. Qa4 Na6 18. Ra5 Rb8 19. Rxa6 Bxa6 20. Qxa6 Rxb2 21. Bf3 Qb8 22. Be3 Rd8 23. Bd4 Rc2 24. Qa5 Rc8 25. Bc5 Qb2 26. Qxa7 Qb5 27. Be3 Qc6 28. Rb1 Kh7 29. Qa3 Ra8 30. Qe7 Qe8 31. Qxe8 Rxe8 32. a3 c5 33. Bc1 c4 34. e3 Kg6 35. Ra1 Rc3 36. Bd1 f5 37. exf6 Kf7 38. Bb2 Rd3 39. fxg7 Rb8 40. Be5 Ra8 41. Bc2 Rdxa3 42. Rxa3 1-0

[Event "OLNN 2223 Hamburger SK III - Preetzer T"]
[Site "?"]
[Date "2023.04.23"]
[Round "8.4"]
[White "Garner, Isaac"]
[Black "Skaanning-Pedersen, Kim Henrik"]
[Result "0-1"]
[WhiteElo "2387"]
[BlackElo "2252"]
[PlyCount "78"]
[EventDate "2023.??.??"]

1. Nf3 c5 2. c4 g6 3. e4 Nc6 4. d4 cxd4 5. Nxd4 Nf6 6. Nc3 d6 7. f3 Nxd4 8. Qxd4 Bg7 9. Be3 O-O 10. Qd2 a5 11. Na4 Nd7 12. O-O-O Qc7 13. Kb1 Nc5 14. Nc3 Be6 15. h4 Qc6 16. h5 Na4 17. Nd5 Bxd5 18. cxd5 Qd7 19. Bd4 Bxd4 20. Qxd4 g5 21. h6 f6 22. Rh5 Rf7 23. g3 Nc5 24. Bh3 Qe8 25. Rh1 Kh8 26. Rxg5 Qb5 27. Rh5 Qe2 28. Bg4 Rff8 29. R5h2 Qb5 30. Bf5 a4 31. g4 a3 32. b3 Nxb3 33. axb3 Qxb3+ 34. Ka1 Ra4 35. Qd2 Rb4 36. e5 Ra8 37. exf6 exf6 38. Re2 Kg8 39. Qd3 Qb2+ 0-1

[Event "OLNN 2223 Hamburger SK III - Preetzer T"]
[Site "?"]
[Date "2023.04.23"]
[Round "8.7"]
[White "Schwarzat, Julian"]
[Black "Weihrauch, Jakob"]
[Result "0-1"]
[WhiteElo "2125"]
[BlackElo "2279"]
[PlyCount "94"]
[EventDate "2023.??.??"]

1. e4 c5 2. Nf3 d6 3. d3 g6 4. g3 Bg7 5. Bg2 Nc6 6. O-O Nf6 7. Re1 e5 8. c3 O-O 9. a3 b5 10. b4 Qe7 11. a4 bxa4 12. b5 Nd8 13. c4 a6 14. Rxa4 Qb7 15. Nc3 Ne6 16. Bh3 Bd7 17. bxa6 Rxa6 18. Rxa6 Qxa6 19. Nd5 Nxd5 20. exd5 Ba4 21. Qd2 Nc7 22. g4 Bd7 23. Ng5 Qc8 24. Ne4 Ne8 25. Kh1 h6 26. Rg1 Kh7 27. f4 f5 28. gxf5 Bxf5 29. Bxf5 Qxf5 30. Ng3 Qh3 31. Rf1 Nf6 32. f5 g5 33. Rf3 g4 34. Rf1 h5 35. Qg2 Qxg2+ 36. Kxg2 h4 37. Ne4 Nxe4 38. dxe4 Ra8 39. Bg5 Ra4 40. Be7 Bh6 41. f6 Be3 42. Re1 Ra2+ 43. Kh1 Bd4 44. Rg1 Bxg1 45. f7 Bd4 46. f8=Q Ra1+ 47. Kg2 Rg1# 0-1

[Event "OLNN 2223 Hamburger SK III - Preetzer T"]
[Site "?"]
[Date "2023.04.23"]
[Round "8.2"]
[White "Holinka, Henning"]
[Black "Moeller, Dustin"]
[Result "1-0"]
[WhiteElo "2239"]
[BlackElo "2242"]
[PlyCount "93"]
[EventDate "2023.??.??"]

1. e4 e5 2. Nf3 Nc6 3. Bc4 Bc5 4. c3 Nf6 5. d3 O-O 6. O-O d5 7. exd5 Nxd5 8. Re1 Bg4 9. Nbd2 Nb6 10. h3 Bh5 11. Bb3 Qxd3 12. Nxe5 Qf5 13. Nef3 Rad8 14. Bc2 Qd7 15. b4 Be7 16. Be4 Bf6 17. Qb3 Nd5 18. Bb2 Nf4 19. Rad1 Qc8 20. Qc2 Bg6 21. Bxg6 hxg6 22. Ne4 Rxd1 23. Rxd1 Ne5 24. Nxf6+ gxf6 25. Nxe5 fxe5 26. c4 f6 27. Qe4 Rd8 28. Rxd8+ Qxd8 29. g3 Nxh3+ 30. Kg2 Ng5 31. Qxg6+ Kh8 32. Bc1 Qe7 33. Be3 b6 34. a3 c6 35. Bxg5 fxg5 36. Qxc6 e4 37. Qd5 Kh7 38. c5 bxc5 39. bxc5 Kg7 40. c6 Kf6 41. Qd4+ Kg6 42. Qd7 Qf6 43. c7 e3 44. Qe8+ Kg7 45. fxe3 Qb2+ 46. Kh3 Qe2 47. c8=Q 1-0

[Event "OLNN 2223 Hamburger SK III - Preetzer T"]
[Site "?"]
[Date "2023.04.23"]
[Round "8.3"]
[White "Schwarz, Frank"]
[Black "Hinrichs, Lars"]
[Result "1/2-1/2"]
[WhiteElo "2235"]
[BlackElo "2255"]
[PlyCount "113"]
[EventDate "2023.??.??"]

1. e4 d6 2. d4 Nf6 3. Bd3 e5 4. c3 Be7 5. Nf3 Nbd7 6. O-O O-O 7. Re1 Re8 8. a4 a5 9. Na3 c6 10. Nc2 Qc7 11. Ne3 Nf8 12. Nf5 Bxf5 13. exf5 N8d7 14. dxe5 dxe5 15. Bc4 h6 16. Qb3 Rf8 17. Be3 Rae8 18. h3 e4 19. Nd2 Nc5 20. Qc2 Qe5 21. g4 Bd6 22. Nf1 Nd5 23. Bd4 Qe7 24. Bxd5 cxd5 25. Ne3 Qh4 26. Bxc5 Bxc5 27. Kg2 Bxe3 28. Rxe3 Qf6 29. Rd1 Rd8 30. Qd2 Qb6 31. Rg3 Rd6 32. Qf4 Rfd8 33. Rd2 Qc6 34. Rd4 Kh7 35. h4 f6 36. g5 fxg5 37. hxg5 Qd7 38. Rh3 Kg8 39. gxh6 Rxh6 40. Rxh6 gxh6 41. c4 Kh7 42. Rxd5 Rg8+ 43. Kf1 Qxa4 44. Qxe4 Re8 45. Qg4 Rg8 46. Qd4 Qa1+ 47. Ke2 Re8+ 48. Re5 Qa4 49. Rxe8 Qxe8+ 50. Kf1 Qc6 51. Kg1 h5 52. Kh2 Qf3 53. Qd7+ Kg8 54. Qe8+ Kg7 55. Qe7+ Kg8 56. Qe8+ Kg7 57. Qe7+ 1/2-1/2

[Event "OLNN 2223 SF Schwerin - SC Diogenes"]
[Site "?"]
[Date "2023.04.23"]
[Round "8.1"]
[White "Schulenburg, Fabian"]
[Black "Hilwerda, Jonas"]
[Result "1/2-1/2"]
[WhiteElo "2291"]
[BlackElo "2315"]
[PlyCount "85"]
[EventDate "2023.??.??"]

1. e4 e5 2. Nf3 Nc6 3. Bb5 a6 4. Ba4 Nf6 5. O-O Be7 6. Re1 b5 7. Bb3 O-O 8. a4 b4 9. d4 d6 10. dxe5 Nxe5 11. Nxe5 dxe5 12. Qe2 Bc5 13. a5 Bg4 14. Qf1 Qe7 15. h3 Be6 16. Nd2 Ne8 17. Bc4 Bc8 18. Bd5 Rb8 19. Nb3 Ba7 20. Be3 Bxe3 21. Rxe3 Nd6 22. Qe2 Rd8 23. Rf3 Kf8 24. Rd1 Bd7 25. Nc5 Bb5 26. Qe1 Kg8 27. Nd3 c6 28. Bb3 Nc4 29. c3 bxc3 30. Qxc3 Rd4 31. Nb4 Rxe4 32. Nxc6 Bxc6 33. Bxc4 Rxc4 34. Qxc4 Bxf3 35. gxf3 Qb7 36. Rd6 Qxb2 37. Rxa6 h5 38. Qd5 Qb1+ 39. Kg2 Qf5 40. Ra8 Qg5+ 41. Kh2 Qf4+ 42. Kg2 Qg5+ 43. Kh2 1/2-1/2

[Event "OLNN 2223 SF Schwerin - SC Diogenes"]
[Site "?"]
[Date "2023.04.23"]
[Round "8.2"]
[White "Reichmann, Hendrik"]
[Black "Hochgraefe, Markus"]
[Result "1/2-1/2"]
[WhiteElo "2331"]
[BlackElo "2370"]
[PlyCount "56"]
[EventDate "2023.??.??"]

1. d4 d5 2. Nc3 Nf6 3. Bf4 c5 4. e4 Nxe4 5. Nxe4 dxe4 6. dxc5 Qa5+ 7. c3 Qxc5 8. Qa4+ Nc6 9. Qxe4 Bf5 10. Qc4 e6 11. Nf3 O-O-O 12. b4 Qxc4 13. Bxc4 Bd6 14. Bxd6 Rxd6 15. Rd1 Rhd8 16. Rxd6 Rxd6 17. O-O f6 18. Be2 Kc7 19. Rd1 Rxd1+ 20. Bxd1 Bd3 21. Bb3 Kd6 22. Ne1 Bb1 23. Kf1 g5 24. f3 b6 25. Ke2 Ne7 26. g3 h5 27. Ng2 Ng6 28. Ne3 Ne5 1/2-1/2

[Event "OLNN 2223 SF Schwerin - SC Diogenes"]
[Site "?"]
[Date "2023.04.23"]
[Round "8.3"]
[White "Schulenburg, Torben"]
[Black "Wolf, Christoph"]
[Result "1-0"]
[WhiteElo "2230"]
[BlackElo "2171"]
[PlyCount "85"]
[EventDate "2023.??.??"]

1. d4 d5 2. c4 e6 3. Nc3 c5 4. cxd5 exd5 5. Nf3 Nf6 6. g3 Nc6 7. Bg2 Be7 8. O-O O-O 9. Bf4 h6 10. Rc1 c4 11. Ne5 Bf5 12. g4 Be6 13. h3 Qb6 14. b3 cxb3 15. Nxc6 bxc6 16. axb3 Nd7 17. e3 Rac8 18. Bg3 Qb4 19. Ne2 Bd6 20. Bxd6 Qxd6 21. Nf4 Rb8 22. Rc3 Rb6 23. Qc2 f5 24. f3 fxg4 25. hxg4 Bf7 26. Ra1 g5 27. Nd3 a6 28. Nc5 Nb8 29. Bf1 Bg6 30. Qg2 Qf6 31. Be2 h5 32. Rf1 hxg4 33. fxg4 Qe7 34. Rxf8+ Kxf8 35. Qh2 Kg7 36. Qg3 a5 37. Kf2 Nd7 38. Nxd7 Qxd7 39. Qe5+ Kh7 40. Rc1 Be4 41. Bf3 Bxf3 42. Kxf3 Qg7 43. Qe8 1-0

[Event "OLNN 2223 SF Schwerin - SC Diogenes"]
[Site "?"]
[Date "2023.04.23"]
[Round "8.4"]
[White "Rittemann, Steffen"]
[Black "Mach, Holger"]
[Result "1-0"]
[WhiteElo "2167"]
[BlackElo "2221"]
[PlyCount "39"]
[EventDate "2023.??.??"]

1. e4 c5 2. Nf3 Nc6 3. c3 Nf6 4. e5 Nd5 5. d4 cxd4 6. cxd4 e6 7. Bc4 d6 8. O-O dxe5 9. dxe5 Be7 10. Qe2 Qc7 11. Rd1 O-O 12. Bxd5 exd5 13. Nc3 d4 14. Nd5 Qd8 15. Qe4 f5 16. Nxe7+ Qxe7 17. Qd5+ Kh8 18. Bg5 Qd7 19. Qc5 f4 20. Qxf8# 1-0

[Event "OLNN 2223 SF Schwerin - SC Diogenes"]
[Site "?"]
[Date "2023.04.23"]
[Round "8.5"]
[White "Stephan, Axel"]
[Black "Grahl, Arvid"]
[Result "1/2-1/2"]
[WhiteElo "2229"]
[BlackElo "2150"]
[PlyCount "94"]
[EventDate "2023.??.??"]

1. Nf3 g6 2. c4 Bg7 3. d4 Nf6 4. g3 O-O 5. Bg2 d6 6. O-O Nc6 7. d5 Na5 8. Nfd2 c5 9. Nc3 a6 10. Qc2 Rb8 11. b3 b5 12. Bb2 Bh6 13. e3 bxc4 14. Nxc4 Nxc4 15. bxc4 Qa5 16. Ne4 Nxe4 17. Bxe4 Bh3 18. Bc3 Qa3 19. Rfb1 Rxb1+ 20. Rxb1 Bg7 21. Bxg7 Kxg7 22. Qb2+ Qxb2 23. Rxb2 Ra8 24. f4 Kf8 25. Bc2 Bd7 26. Kf2 Ke8 27. e4 Kd8 28. e5 Kc7 29. Ke3 Rb8 30. Rxb8 Kxb8 31. exd6 exd6 32. f5 Be8 33. Kf4 h6 34. h4 Kc7 35. fxg6 fxg6 36. Bd1 Kd8 37. Bg4 Ke7 38. Bc8 a5 39. Bg4 Ba4 40. Be2 Kf6 41. Bd3 Bd1 42. a3 g5+ 43. hxg5+ hxg5+ 44. Ke3 Ke5 45. Bf1 Bg4 46. Bd3 Bh3 47. Be2 Bf5 1/2-1/2

[Event "OLNN 2223 SF Schwerin - SC Diogenes"]
[Site "?"]
[Date "2023.04.23"]
[Round "8.6"]
[White "Heinsohn, Wilfried"]
[Black "Gottuk, Stefan"]
[Result "0-1"]
[WhiteElo "2118"]
[BlackElo "2149"]
[PlyCount "110"]
[EventDate "2023.??.??"]

1. e4 Nc6 2. Nc3 Nf6 3. d4 d6 4. Nf3 g6 5. h3 Bg7 6. d5 Nb8 7. Be3 c6 8. Qd2 O-O 9. Be2 b5 10. a3 Bb7 11. O-O a6 12. Rad1 cxd5 13. exd5 Nbd7 14. Bh6 Nb6 15. Bxg7 Kxg7 16. Nd4 Nbxd5 17. Nxd5 Bxd5 18. Qg5 e6 19. Bf3 Bxf3 20. Nxf3 Rc8 21. c3 Rc5 22. Qh4 Nd5 23. Qe4 Qf6 24. Nd4 Rb8 25. f4 Qh4 26. Kh2 Nf6 27. Qf3 Rb6 28. g4 Rc7 29. Rfe1 d5 30. f5 exf5 31. Nxf5+ gxf5 32. Qxf5 Nxg4+ 33. Qxg4+ Qxg4 34. hxg4 Re6 35. Kg3 Rc4 36. Rxe6 fxe6 37. Re1 Kf6 38. Rf1+ Kg5 39. Rf7 Rxg4+ 40. Kf3 h5 41. Ra7 Rf4+ 42. Ke3 Re4+ 43. Kf3 Ra4 44. Re7 Kf6 45. Rh7 h4 46. Rh6+ Ke5 47. Rh8 Rf4+ 48. Ke3 Rg4 49. Rh5+ Kd6 50. Rh8 Rg2 51. b4 Rg3+ 52. Kd2 h3 53. Rh5 Ke7 54. Rh6 Kf7 55. Kc2 Kg7 0-1

[Event "OLNN 2223 SF Schwerin - SC Diogenes"]
[Site "?"]
[Date "2023.04.23"]
[Round "8.7"]
[White "Kilic, Oguz"]
[Black "Schulz, Karsten"]
[Result "0-1"]
[WhiteElo "2050"]
[BlackElo "2253"]
[PlyCount "76"]
[EventDate "2023.??.??"]

1. e4 d6 2. d3 c5 3. Nc3 Nc6 4. g3 g6 5. Bg2 Bg7 6. f4 e6 7. Nf3 Nge7 8. O-O O-O 9. Ne2 b6 10. c3 Bb7 11. g4 Qd7 12. Ng3 f5 13. gxf5 exf5 14. Bh3 Kh8 15. Be3 d5 16. e5 d4 17. cxd4 Nd5 18. Bd2 cxd4 19. Qe2 Bh6 20. Ng5 Qe7 21. Bg2 Nxf4 22. Bxf4 Bxg5 23. Rac1 Rac8 24. Qd2 Bxf4 25. Qxf4 Rfe8 26. Rfe1 Nxe5 27. Bxb7 Rxc1 28. Rxc1 Qxb7 29. Qxd4 Kg8 30. Qa4 Re7 31. Qb3+ Kg7 32. Qc3 Qd5 33. Re1 Kf7 34. Re3 f4 35. Rxe5 Qxe5 36. Qc4+ Kg7 37. Ne4 Qxb2 38. Qc6 f3 0-1

[Event "OLNN 2223 SF Schwerin - SC Diogenes"]
[Site "?"]
[Date "2023.04.23"]
[Round "8.8"]
[White "Rossmann, Helmut"]
[Black "Laqua, Christian"]
[Result "1-0"]
[WhiteElo "2238"]
[BlackElo "2078"]
[PlyCount "51"]
[EventDate "2023.??.??"]

1. e4 Nf6 2. e5 Nd5 3. d4 d6 4. c4 Nb6 5. f4 dxe5 6. fxe5 Nc6 7. Be3 Bf5 8. Nc3 e6 9. Nf3 Bb4 10. Be2 O-O 11. O-O Na5 12. c5 Bxc3 13. bxc3 Nbc4 14. Bg5 Qd5 15. Nd2 Nxd2 16. Qxd2 b6 17. Bf3 Be4 18. Qf4 Bxf3 19. Rxf3 f5 20. exf6 Rf7 21. Qg4 Re8 22. Raf1 Nc6 23. fxg7 Rxg7 24. Bh6 Qd7 25. Bxg7 Qxg7 26. Qh5 1-0

[Event "OLNN 2223 Lübecker SV - SK Johanneum Ep"]
[Site "?"]
[Date "2023.04.23"]
[Round "8.1"]
[White "Zart, Ruediger"]
[Black "Kalinitschew, Sergey"]
[Result "0-1"]
[WhiteElo "2127"]
[BlackElo "2385"]
[PlyCount "93"]
[EventDate "2023.??.??"]

1. d4 f5 2. g3 Nf6 3. Bg2 g6 4. Nf3 Bg7 5. O-O O-O 6. b3 e6 7. Bb2 b6 8. Ne5 d5 9. Nd2 Bb7 10. c4 c5 11. dxc5 bxc5 12. Nd3 Na6 13. Rc1 Rc8 14. Nf4 Re8 15. cxd5 exd5 16. Nc4 Ne4 17. Bxg7 Kxg7 18. Nd2 d4 19. Nxe4 fxe4 20. e3 Bc6 21. exd4 cxd4 22. Bh3 Rc7 23. Ne6+ Rxe6 24. Bxe6 Nb4 25. Bc4 Nxa2 26. Rc2 Nb4 27. Rd2 d3 28. Qa1+ Qf6 29. Qa5 Rb7 30. Qc5 Nc2 31. Rxc2 dxc2 32. b4 Rd7 33. Bb3 Bb7 34. Bxc2 h5 35. h4 Qd4 36. Rd1 Qxd1+ 37. Bxd1 Rxd1+ 38. Kh2 e3 39. Qe7+ Kg8 40. Qe8+ Kg7 41. Qe7+ Kg8 42. Qxb7 e2 43. Qb8+ Kh7 44. Qxa7+ Kh8 45. Qb8+ Kh7 46. Qc7+ Kh6 47. Qf4+ 0-1

[Event "OLNN 2223 Lübecker SV - SK Johanneum Ep"]
[Site "?"]
[Date "2023.04.23"]
[Round "8.2"]
[White "Kreuzholz, Michael"]
[Black "Keyser, Robin"]
[Result "1/2-1/2"]
[WhiteElo "2326"]
[BlackElo "2144"]
[PlyCount "82"]
[EventDate "2023.??.??"]

1. e4 e6 2. d4 d5 3. Nc3 Bb4 4. e5 c5 5. a3 Bxc3+ 6. bxc3 Ne7 7. Qg4 Qc7 8. Qxg7 Rg8 9. Qxh7 cxd4 10. Qd3 dxc3 11. Nf3 Bd7 12. h4 Nbc6 13. Qxc3 d4 14. Nxd4 Qxe5+ 15. Ne2 Qxc3+ 16. Nxc3 Nd4 17. Bd3 Bc6 18. Ne4 Rxg2 19. Nf6+ Kd8 20. Bb2 Nf3+ 21. Ke2 Ng6 22. Ne4 Nge5 23. Rad1 Ke7 24. a4 f5 25. Ng5 Ng4 26. Ba3+ Kf6 27. Bc5 Nxg5 28. hxg5+ Kxg5 29. Rhg1 Rh2 30. Rdf1 Kf6 31. a5 e5 32. Rb1 a6 33. Rb4 Rc8 34. Bb6 Bd7 35. Ke1 Bb5 36. Bxf5 Kxf5 37. Rbxg4 Rxc2 38. Kd1 Be2+ 39. Kxc2 Bxg4 40. Re1 Bf3 41. Rxe5+ Kxe5 1/2-1/2

[Event "OLNN 2223 Lübecker SV - SK Johanneum Ep"]
[Site "?"]
[Date "2023.04.23"]
[Round "8.3"]
[White "von Gleich, Alexander"]
[Black "Schmidt, Harald"]
[Result "0-1"]
[WhiteElo "2219"]
[BlackElo "2347"]
[PlyCount "52"]
[EventDate "2023.??.??"]

1. Nf3 d5 2. d4 Nf6 3. c4 e6 4. Qc2 c5 5. dxc5 Bxc5 6. cxd5 Qb6 7. e3 exd5 8. Be2 Nc6 9. O-O Nb4 10. Qd1 Bf5 11. Nc3 Bc2 12. Qe1 O-O 13. b3 Be7 14. a3 Nc6 15. Qd2 Qxb3 16. Ra2 Ne4 17. Nxe4 Qxa2 18. Nc3 Qb3 19. Nxd5 Bc5 20. Bd1 Bxd1 21. Rxd1 Rad8 22. e4 Rfe8 23. Re1 Bxa3 24. Bxa3 Qxa3 25. Qg5 Qd6 26. Re3 Qg6 0-1

[Event "OLNN 2223 Lübecker SV - SK Johanneum Ep"]
[Site "?"]
[Date "2023.04.23"]
[Round "8.4"]
[White "Bornholdt, Joa Max"]
[Black "Behrhorst, Frank"]
[Result "1/2-1/2"]
[WhiteElo "2277"]
[BlackElo "2205"]
[PlyCount "111"]
[EventDate "2023.??.??"]

1. d4 d5 2. c4 e6 3. Nc3 Nf6 4. cxd5 exd5 5. Bg5 c6 6. e3 Be7 7. Bd3 Nbd7 8. Nge2 O-O 9. Qc2 Re8 10. O-O Nf8 11. Rae1 g6 12. f3 Ne6 13. Bh4 c5 14. Bb5 Rf8 15. dxc5 a6 16. Ba4 Nxc5 17. Rd1 Nxa4 18. Qxa4 Be6 19. Nf4 Qb6 20. Qd4 Qxd4 21. Rxd4 Rac8 22. Rfd1 h6 23. Bf2 Bc5 24. R4d3 Bf5 25. R3d2 Bb4 26. Nfe2 Be6 27. a3 Bc5 28. g4 b5 29. b4 Be7 30. Rd3 g5 31. Bg3 Rfd8 32. Nd4 Bd6 33. Bxd6 Rxd6 34. Nb3 Rdc6 35. Ne2 Kf8 36. Ned4 Rb6 37. Nc5 Ke7 38. Rc3 Nd7 39. Nxd7 Bxd7 40. Rxc8 Bxc8 41. Rc1 Kd7 42. Kf2 h5 43. gxh5 Rh6 44. Kg3 Rxh5 45. Rc2 f6 46. Kg4 Rh8 47. Kg3 Re8 48. Rc3 Re7 49. Nf5 Re5 50. Nd4 Re7 51. f4 Re4 52. fxg5 fxg5 53. Nf3 Kd8 54. h3 g4 55. Ng5 Rc4 56. Rd3 1/2-1/2

[Event "OLNN 2223 Lübecker SV - SK Johanneum Ep"]
[Site "?"]
[Date "2023.04.23"]
[Round "8.5"]
[White "Johannsen, Dennis"]
[Black "Christ, Ralf"]
[Result "1/2-1/2"]
[WhiteElo "2087"]
[BlackElo "2241"]
[PlyCount "116"]
[EventDate "2023.??.??"]

1. Nf3 Nf6 2. c4 g6 3. g3 Bg7 4. Bg2 d5 5. cxd5 Nxd5 6. O-O Nc6 7. Nc3 O-O 8. d4 Nb6 9. d5 Na5 10. e4 c6 11. dxc6 Qxd1 12. Rxd1 Nxc6 13. Nd5 Nxd5 14. exd5 Ne5 15. Nxe5 Bxe5 16. Bh6 Rd8 17. Rd2 Bd6 18. Be4 Bd7 19. Rc1 Rac8 20. Rdc2 Rxc2 21. Rxc2 Rc8 22. Kg2 Rxc2 23. Bxc2 Bb5 24. Kf3 Bc4 25. Ke4 f6 26. b3 Bf1 27. Be3 a6 28. Bd3 Bg2+ 29. Kd4 Kf7 30. Be2 Ke8 31. f3 Bh3 32. Kc4 Kd7 33. Bc5 Bc7 34. a4 h5 35. b4 h4 36. Bf2 hxg3 37. hxg3 Bf5 38. b5 axb5+ 39. axb5 Bb1 40. Kb4 Ba2 41. Bc4 Ba5+ 42. Kxa5 Bxc4 43. Kb4 Bxd5 44. f4 Ke6 45. Kc5 Bg2 46. b6 Kf5 47. Kd4 Kg4 48. Ke3 Bc6 49. Be1 g5 50. Bf2 Kh3 51. Be1 Kg2 52. fxg5 fxg5 53. Bb4 Kxg3 54. Bxe7 g4 55. Bd6+ Kg2 56. Kf4 Bd7 57. Bb4 Kf2 58. Bc5+ Kg2 1/2-1/2

[Event "OLNN 2223 Lübecker SV - SK Johanneum Ep"]
[Site "?"]
[Date "2023.04.23"]
[Round "8.6"]
[White "Ehrke, Michael"]
[Black "Schueler, Hendrik"]
[Result "1-0"]
[WhiteElo "2152"]
[BlackElo "2060"]
[PlyCount "143"]
[EventDate "2023.??.??"]

1. d4 d5 2. Bf4 c5 3. e3 Nc6 4. c3 Nf6 5. Nd2 cxd4 6. exd4 Bf5 7. Ngf3 e6 8. Qb3 Qc8 9. a4 Be7 10. a5 a6 11. h3 O-O 12. Ne5 Nxe5 13. Bxe5 Nd7 14. Bg3 Nb8 15. Nf3 Nc6 16. Ne5 Nxe5 17. Bxe5 Qc6 18. Qa4 Qxa4 19. Rxa4 Bc2 20. Ra1 Rac8 21. Bf4 Rc6 22. Kd2 Bg6 23. Be2 Bd6 24. Bxd6 Rxd6 25. Ra4 Rc8 26. Rb4 Rc7 27. Ra1 Kf8 28. h4 f6 29. Re1 Be8 30. Bd3 Bg6 31. Bf1 Be8 32. Re3 Bd7 33. Bd3 h6 34. f4 Bc8 35. g4 g5 36. hxg5 hxg5 37. fxg5 fxg5 38. Re5 Rg7 39. b3 Ke7 40. Ke3 Kd7 41. Ra4 Kc7 42. Ra2 Rd8 43. Rh2 Bd7 44. Rh5 Rdg8 45. c4 dxc4 46. bxc4 Be8 47. Rh6 Bf7 48. Be4 Rd8 49. Rh2 Rd7 50. Rb2 Kc8 51. c5 Rc7 52. Rb6 Bg8 53. c6 bxc6 54. Bxc6 Bf7 55. Rxa6 Kd8 56. Rb6 Rh7 57. Rxg5 Rh3+ 58. Kf4 Rc3 59. Rc5 Rd3 60. Rb4 Ke7 61. Be4 Rxc5 62. dxc5 Ra3 63. Rb7+ Kf8 64. c6 e5+ 65. Kxe5 Rxa5+ 66. Kf6 Rc5 67. Rb8+ Be8 68. Rc8 Rc4 69. Bd5 Rxg4 70. c7 Rf4+ 71. Ke5 Rf7 72. Rxe8+ 1-0

[Event "OLNN 2223 Lübecker SV - SK Johanneum Ep"]
[Site "?"]
[Date "2023.04.23"]
[Round "8.7"]
[White "Keyser, Philipp"]
[Black "Lampe, Dirk"]
[Result "1/2-1/2"]
[WhiteElo "2056"]
[BlackElo "2156"]
[PlyCount "38"]
[EventDate "2023.??.??"]

1. e4 c5 2. Nf3 Nc6 3. Bb5 g6 4. O-O Bg7 5. Re1 Nf6 6. e5 Nd5 7. Nc3 Nc7 8. Bxc6 dxc6 9. Ne4 b6 10. d3 O-O 11. b3 Bg4 12. Bb2 Ne6 13. Ned2 Qd5 14. h3 Bxf3 15. Nxf3 a5 16. a4 Rad8 17. Re4 Rfe8 18. Qe1 Qd7 19. Rd1 Qc7 1/2-1/2

[Event "OLNN 2223 Lübecker SV - SK Johanneum Ep"]
[Site "?"]
[Date "2023.04.23"]
[Round "8.8"]
[White "Bosselmann, Tom Linus"]
[Black "Miller, Jonathan"]
[Result "1-0"]
[WhiteElo "2111"]
[BlackElo "1810"]
[PlyCount "55"]
[EventDate "2023.??.??"]

1. e4 c6 2. Nc3 d5 3. Nf3 dxe4 4. Nxe4 Nf6 5. Qe2 Nxe4 6. Qxe4 Nd7 7. Bc4 Nf6 8. Ne5 e6 9. Qe2 Bd6 10. c3 Qc7 11. d4 Bd7 12. O-O O-O 13. Bd3 Nd5 14. Re1 Rae8 15. Bd2 f5 16. b4 Rf6 17. a3 b5 18. a4 bxa4 19. Rxa4 c5 20. Nxd7 Qxd7 21. Bb5 Qe7 22. Bxe8 Qxe8 23. Ra6 Bf4 24. Bxf4 Nxf4 25. Qf3 Qc8 26. Rxa7 Nd5 27. c4 Qb8 28. Rea1 1-0

[Event "OLNN 2223 Schachfreunde HH - SV Bad Schw"]
[Site "?"]
[Date "2023.04.23"]
[Round "8.1"]
[White "Schmid, Thomas"]
[Black "Nedic, Dusan"]
[Result "1-0"]
[WhiteElo "2178"]
[BlackElo "2322"]
[PlyCount "71"]
[EventDate "2023.??.??"]

1. d4 Nf6 2. Bf4 e6 3. e3 c5 4. c3 d5 5. Nd2 Nc6 6. Ngf3 Bd6 7. Bg3 O-O 8. Bd3 b6 9. Qe2 Bb7 10. Rd1 Re8 11. e4 Be7 12. e5 Nd7 13. h4 h6 14. a3 a5 15. Bf4 Bf8 16. Nf1 f6 17. Bb1 cxd4 18. cxd4 f5 19. Ne3 Ba6 20. Qd2 a4 21. g4 Na5 22. Bd3 Bxd3 23. Qxd3 Nc4 24. Nxc4 dxc4 25. Qxc4 fxg4 26. Nd2 Qc8 27. h5 Qb7 28. Rg1 b5 29. Qe2 Qd5 30. Be3 b4 31. Qxg4 bxa3 32. bxa3 Nb6 33. Ne4 Nd7 34. Bxh6 Re7 35. Qg6 Nxe5 36. Nf6+ 1-0

[Event "OLNN 2223 Schachfreunde HH - SV Bad Schw"]
[Site "?"]
[Date "2023.04.23"]
[Round "8.2"]
[White "Ritscher, Jan-Paul"]
[Black "Gressmann, Moritz"]
[Result "1/2-1/2"]
[WhiteElo "2245"]
[BlackElo "2129"]
[PlyCount "37"]
[EventDate "2023.??.??"]

1. d4 d5 2. c4 dxc4 3. e3 e5 4. Bxc4 exd4 5. exd4 Nc6 6. Nf3 Bb4+ 7. Nc3 Nf6 8. O-O O-O 9. h3 h6 10. a3 Bd6 11. Qc2 a6 12. b4 Ne7 13. Rd1 Bf5 14. Qb3 b5 15. Bf1 Be6 16. Qc2 Ned5 17. Nxd5 Nxd5 18. Re1 Qf6 19. Ne5 {(=)} 1/2-1/2

[Event "OLNN 2223 Schachfreunde HH - SV Bad Schw"]
[Site "?"]
[Date "2023.04.23"]
[Round "8.3"]
[White "Masio, Andreas"]
[Black "Hermesmann, Hans"]
[Result "0-1"]
[WhiteElo "2015"]
[BlackElo "2233"]
[PlyCount "62"]
[EventDate "2023.??.??"]

1. e4 g6 2. d4 Bg7 3. Nc3 d6 4. Be3 a6 5. Be2 b5 6. Qd2 Bb7 7. a3 Nd7 8. O-O-O Rc8 9. Bg4 h5 10. Bxd7+ Qxd7 11. Nf3 Nf6 12. d5 O-O 13. h3 c6 14. Bh6 cxd5 15. Bxg7 Kxg7 16. exd5 a5 17. g4 b4 18. axb4 axb4 19. Ne2 Qa4 20. c3 Bxd5 21. Qe3 Qa1+ 22. Kd2 Qxb2+ 23. Ke1 Bxf3 24. Qxf3 bxc3 25. Qe3 c2 26. Rc1 Rc5 27. f4 Qb7 28. Rg1 hxg4 29. hxg4 Qe4 30. Qf2 Rh8 31. f5 g5 0-1

[Event "OLNN 2223 Schachfreunde HH - SV Bad Schw"]
[Site "?"]
[Date "2023.04.23"]
[Round "8.4"]
[White "Andersen, Jens Knud"]
[Black "Toenniges, Thomas"]
[Result "1-0"]
[WhiteElo "2169"]
[BlackElo "2044"]
[PlyCount "87"]
[EventDate "2023.??.??"]

1. d4 Nf6 2. Nf3 g6 3. Bf4 d5 4. e3 Bg7 5. h3 O-O 6. Nbd2 Nbd7 7. Be2 c6 8. c3 b6 9. Ne5 Bb7 10. O-O Rc8 11. a4 a5 12. b4 Ne4 13. Nxe4 dxe4 14. bxa5 bxa5 15. Qb1 Nxe5 16. dxe5 Rb8 17. e6 Ba6 18. exf7+ Kh8 19. Qxb8 Qxb8 20. Bxb8 Bxe2 21. Rfb1 Rxf7 22. Ra3 e6 23. Bd6 Bf6 24. Rab3 Bc4 25. Rb8+ Kg7 26. Ra8 Bd3 27. Rc1 Rd7 28. Bc5 Bd8 29. Bd4+ Kf7 30. c4 Ke7 31. Bc3 Bxc4 32. Bxa5 Bxa5 33. Rxc4 Bc7 34. g3 h5 35. Rxe4 c5 36. a5 Rd1+ 37. Kg2 Ra1 38. Ra6 Bd6 39. Ra7+ Kf6 40. a6 Kf5 41. Kf3 Ra2 42. Rf7+ Kg5 43. h4+ Kh6 44. Rxe6 1-0

[Event "OLNN 2223 Schachfreunde HH - SV Bad Schw"]
[Site "?"]
[Date "2023.04.23"]
[Round "8.5"]
[White "Sallandt, Frido"]
[Black "Bokelbrink, Uwe"]
[Result "1-0"]
[WhiteElo "1807"]
[BlackElo "2224"]
[PlyCount "117"]
[EventDate "2023.??.??"]

1. e4 c5 2. Nf3 Nc6 3. d4 cxd4 4. Nxd4 e5 5. Nb5 d6 6. N1c3 a6 7. Na3 Be7 8. Be2 Nf6 9. Bg5 b5 10. Bxf6 Bxf6 11. Nd5 O-O 12. O-O Rb8 13. c3 Bg5 14. Nc2 Kh8 15. Bg4 Be6 16. Nce3 g6 17. g3 f5 18. Bh3 Bxe3 19. Nxe3 Qd7 20. f3 f4 21. Bxe6 Qxe6 22. Qd5 Qd7 23. Ng2 fxg3 24. hxg3 Ne7 25. Qd3 Rf6 26. Kh2 g5 27. g4 Rbf8 28. Rad1 Ng6 29. Kg3 Qf7 30. b3 Ne7 31. Qe2 a5 32. Ne3 b4 33. c4 Ng6 34. Nf5 Qc7 35. Qd2 Nf4 36. Nxd6 Rg8 37. Rh1 Ne6 38. Nf5 Rxf5 39. gxf5 Nd4 40. Qf2 Qg7 41. Kg2 g4 42. f4 Qb7 43. Rxd4 exd4 44. Qxd4+ Qg7 45. f6 Qf7 46. e5 Re8 47. Qe4 Qd7 48. Kg3 Qf7 49. Qf5 Qb7 50. Rf1 Qf7 51. Rd1 Qa7 52. Qe4 Qf7 53. c5 h5 54. Rh1 Kg8 55. Qf5 Qb7 56. Qg6+ Kf8 57. Qh6+ Kg8 58. f7+ Qxf7 59. Rxh5 1-0